[Event "Championnat 82"]
[Site "Castelsarrasin"]
[Date "2012.03.04"]
[Round "6.4"]
[White "RIVIERE, Frédéric"]
[Black "ROQUES, Olivier"]
[Result "1-0"]
[WhiteElo "1808"]
[BlackElo "1898"]

1.e4 c5 2.Nf3 d6 3.d4 cxd4 4.Nxd4 Nf6 5.Nc3 a6 6.Be2 e6 7.O-O Be7 8.f4 O-O
9.Kh1 Qc7 10.Be3 b5 11.a3 Bb7 12.Bf3 Nbd7 13.Qe2 Nb6 
    ( 13...Rfe8 14.Rad1 Bf8 15.Nb3 Rac8 16.Rd2 Qc4 17.Rfd1 Qxe2 18.Rxe2 
    Rxc3 19.bxc3 Nxe4 20.Bxe4 Bxe4 21.Bc5 Bg6 22.Bxd6 Bh5 23.Bxf8 Nxf8 24.
    Red2 Bxd1 25.Rxd1 Rc8 26.Rd3 Ng6 27.g3 Ne7 28.Rd6 h5 29.Rxa6 Rxc3 30.
    Rb6 Rxc2 31.Rxb5 Nf5 32.Rb4 Ne3 33.Kg1 Rg2+ 34.Kh1 Ra2 35.Kg1 Rxa3 36.
    Nd2 Ra1+ 37.Kf2 Ng4+ 38.Kg2 Ra2 39.Rd4 Ne3+ 40.Kf3 Nf5 41.Rd8+ Kh7 42.
    Rd7 Kg6 43.Rd3 Ra1 44.Kg2 Re1 45.Kf2 Rd1 46.Ke2 Ra1 47.Kf2 Nh6 48.h3 
    Nf5 49.Kf3 Rh1 50.Kg2 Re1 51.Kf2 Rh1 52.Kg2 Rd1 53.Kf2 f6 54.Rd7 Nh6 
    55.Rd3 Ng8 56.Rd7 Nh6 57.Rd3 Kf7 58.Rd7+ Ke8 59.Rd3 Nf5 60.Kg2 Ke7 61.
    Kf2 Nd6 62.Ke2 Rg1 63.Kf2 Rd1 64.Ke2 Ra1 65.Kf3 Ra4 66.Rc3 Kd7 67.Rd3 
    e5 68.fxe5 {0-1 Humeau, C (2159) - Van Wely, L (2679) / ch-Euro Blitz 
    (6), Ajaccio FRA 2007} )
14.Rad1 Nc4 15.Bc1 Rac8 16.e5 Bxf3 17.Nxf3 Nd7 18.exd6 Bxd6 19.Nd4 Qb8 20.
Ne4 
    ( { [Houdini 1.5a w32] 15:+0.00} 20.Ne4 Nc5 21.Nxd6 Nxd6 22.f5 Nxf5 
    23.Nxf5 exf5 24.Rxf5 Qb7 25.Rdf1 g6 26.R5f3 f5 27.Bf4 Rfd8 28.Be5 Ne4 
    29.Rd3 Rxd3 30.Qxd3 )
20...Nc5 21.Ng5 h6 22.Ne4 Nxe4 23.Qxe4 Bc5 24.Nf3 Nd6 25.Qe2 Nf5 26.b4 Bb6
27.Ne5 
    {Les blancs proposent nulle...}
27...Nd4 28.Qe4 Qa7 29.Be3 Rfd8 30.c3 Rxc3 31.Bxd4 Rxd4 32.Rxd4 Bxd4 
    {Le temps à la pendule pressant, la suite est un enchainement de très 
    mauvais coup de chaque coté...}
33.Nc6? Rxc6?? 
    ( { [Houdini 1.5a w32] 17:-2.22} 33...Qb7 34.Qxd4 Qxc6 35.Rd1 Rxa3 36.
    Kg1 Rc3 37.h3 Rc2 38.Rd2 Rc4 39.Qd8+ Kh7 40.Rd4 Rc2 41.Rd2 Rc1+ 42.Kh2
    Qe4 43.Qd3 Qxd3 44.Rxd3 Rc4 45.Ra3 Rxf4 46.Rxa6 Rxb4 47.Ra7 Kg6 )
34.Qxc6 Bb2? 
    ( { [Houdini 1.5a w32] 17:+5.60} 34...Bb2 35.Qc8+ Kh7 36.Qc2+ Kg8 37.
    Qxb2 Qe3 38.Qc1 Qe4 39.Qc8+ Kh7 40.Qxa6 Qd3 41.Rc1 Qd2 42.Rg1 Qd7 43.
    Qb6 Qd3 44.Qa7 Kg8 45.Re1 g5 46.Qb8+ Kh7 47.Qc7 Kg8 48.fxg5 hxg5 )
    ( { [Houdini 1.5a w32] 18:+1.07} 34...Bf6 35.Rd1 Kh7 36.Qd7 Qe3 37.
    Qxf7 Qxa3 38.Qxe6 Qxb4 39.Qxa6 Qa4 40.Qd6 b4 41.Rb1 Bc3 42.Qd3+ Kh8 
    43.Qe4 Qd7 44.f5 Qd2 45.Qe8+ Kh7 46.Qg6+ Kh8 47.Qf7 Qe2 )
35.Rd1? 
    ( 35.Qc8+ Kh7 36.Qc2+ +- )
35...Bxa3 36.Rd8+ Kh7 37.Qe4+ g6 38.Qe5 f6 39.Qxe6 1-0

[Event "Championnat 82"]
[Site "Castelsarrasin"]
[Date "2012.03.04"]
[Round "6.1"]
[White "GREZELS, Florian"]
[Black "R., Eric"]
[Result "0-1"]
[WhiteElo "1859"]
[BlackElo "2030"]

1.e4 Nf6 2.e5 Nd5 3.d4 d6 4.c4 Nb6 5.exd6 cxd6 6.Nc3 g6 7.Be3 Bg7 8.Nf3 
O-O 9.Bd3 
    ( 9.Rc1 Nc6 10.b3 Bg4 11.Be2 e5 12.d5 Bxf3 13.Bxf3 Nd4 14.O-O f5 15.
    Bxd4 exd4 16.Nb5 Qf6 17.Nc7 Rac8 18.Ne6 Rfe8 19.Qd2 Nd7 20.Rcd1 Ne5 
    21.Nxd4 g5 22.Ne6 Bh6 23.Qd4 g4 24.Be2 f4 25.Bd3 Kh8 26.Bb1 Re7 27.Kh1
    Rg8 28.c5 dxc5 29.Nxc5 b6 30.Ne4 Qg7 31.d6 Rd7 32.Qd5 Rgd8 33.Qe6 Nf7 
    34.Rd5 Bg5 35.Nxg5 Nxg5 36.Qxg4 h6 37.Qxf4 Nf7 38.Rfd1 Rg8 39.g3 Ng5 
    40.Qe5 {1-0 Karjakin, Sergey (2580) - Dimitrijevic, A (2292) / ACP 
    Blitz Prelim1 (7), playchess.com INT 2004} )
9...Nc6 10.O-O Bg4 11.Be2 Bxf3 12.gxf3 e5 13.d5 Ne7 14.f4 
    ( { [Houdini 1.5a w32] 19:-0.01} 14.Bd3 f5 15.Bg5 h6 16.Bd2 Rc8 17.b3 
    Nd7 18.Qe2 a6 19.Kg2 f4 20.Rg1 Kh7 21.Kh1 Nf5 22.Bxf5 Rxf5 23.Ne4 Qe7 
    )
14...Nf5 
    {le cavalier s'infiltre}
15.fxe5 Bxe5 16.Qd2 Qh4 17.f4 Nxe3 18.Qxe3 Bg7 19.Qg3 Qxg3+ 20.hxg3 Bxc3 
21.bxc3 Rfe8 22.Kf2 Nd7 23.Rfe1 Nc5 24.Kg2 Re3 25.Bf1 Rae8 26.Kf2 Rxe1 27.
Rxe1 Rxe1 28.Kxe1 f5 29.Bg2 Kf7 30.Ke2 b6 31.Ke3 Kf6 32.Bf3 h6 33.g4 g5 
34.fxg5+ hxg5 35.gxf5 Kxf5 36.Bd1 Nd7 37.Be2 Ne5 38.Bf1 Ng4+ 39.Ke2 Kf4 
40.a4 a5 41.Bg2 Ne5 42.Kf2 Nxc4 43.Bf1 Nb2 44.Bb5 Nd1+ 45.Ke1 Nxc3 46.Bc6 
g4 47.Kf2 g3+ 48.Kg2 Nd1 49.Bb5 Ne3+ 50.Kg1 Nxd5 51.Bc4 Nc3 52.Bb3 d5 53.
Bc2 Kf3 54.Bd3 Nxa4 55.Bc2 Nc3 56.Bd3 a4 57.Bf1 a3 58.Bg2+ Ke3 59.Bf1 d4 
0-1